[Event "Mazowiec-chT op 1516"]
[Site "Poland"]
[Date "2016.01.10"]
[Round "6.5"]
[White "Olsztynski, Andrzej"]
[Black "Sokolowski, Krzysztof"]
[Result "0-1"]
[WhiteElo "1461"]
[BlackElo "1940"]
[PlyCount "38"]
[EventDate "2015.11.29"]
[EventType "team-tourn"]
[EventRounds "10"]
[EventCountry "POL"]
[SourceTitle "EXT 2019"]
[Source "ChessBase"]
[SourceDate "2018.10.10"]
[SourceVersion "1"]
[SourceVersionDate "2018.10.10"]
[SourceQuality "1"]

1. e4 e5 2. d4 exd4 3. Bc4 d5 4. Bxd5 Nf6 5. Qxd4 Be6 6. Qa4+ Bd7 7. Qb3 Nxd5 8. exd5 Bc5 9. Qxb7 0-0 10. Qxa8 Qe7+ 11. Ne2 Nc6 12. Qb7 Nd4 13. 0-0 Nxe2+ 14. Kh1 Re8 15. Nc3 Nd4 16. Qxc7 Bd6 17. Qc4 Qh4 18. g3 Qh3 19. f4 Nf3 0-1

[Event "Mazowiec-chT op"]
[Site "Poland"]
[Date "2014.11.16"]
[Round "5.12"]
[White "Maj, Pawel1111"]
[Black "Sokolowski, Krzysztof"]
[Result "1-0"]
[WhiteElo "2023"]
[BlackElo "1951"]
[PlyCount "87"]
[EventDate "2014.10.05"]
[EventType "team-tourn"]
[EventRounds "10"]
[EventCountry "POL"]
[SourceTitle "EXT 2019"]
[Source "ChessBase"]
[SourceDate "2018.10.10"]
[SourceVersion "1"]
[SourceVersionDate "2018.10.10"]
[SourceQuality "1"]

1. e4 e5 2. Nf3 Nc6 3. Bb5 a6 4. Ba4 Nf6 5. 0-0 b5 6. Bb3 Be7 7. Re1 d6 8. c3 Na5 9. Bc2 c5 10. d4 Qc7 11. h3 0-0 12. Nbd2 Re8 13. Nf1 Nc4 14. b3 Nb6 15. Ne3 Bf8 16. d5 c4 17. b4 a5 18. Qe2 axb4 19. cxb4 Na4 20. Nd1 g6 21. a3 Bg7 22. Bxa4 Rxa4 23. Nc3 Ra8 24. Nxb5 Qb6 25. Nc3 Nh5 26. Qxc4 Nf4 27. Qc6 Qxc6 28. dxc6 Nd3 29. Nd5 Nxe1 30. Nxe1 f5 31. Nc7 Be6 32. Nxe8 Rxe8 33. a4 Bc4 34. f3 d5 35. b5 fxe4 36. fxe4 Rf8 37. c7 Rc8 38. b6 Ba6 39. exd5 e4 40. Rb1 Rf8 41. Be3 Rf1+ 42. Kh2 Be5+ 43. g3 Bc3 44. b7 1-0

[Event "Mazowiec-chT op"]
[Site "Poland"]
[Date "2014.11.16"]
[Round "6.12"]
[White "Rodak, Przemyslaw"]
[Black "Sokolowski, Krzysztof"]
[Result "0-1"]
[WhiteElo "1664"]
[BlackElo "1951"]
[PlyCount "50"]
[EventDate "2014.10.05"]
[EventType "team-tourn"]
[EventRounds "10"]
[EventCountry "POL"]
[SourceTitle "EXT 2019"]
[Source "ChessBase"]
[SourceDate "2018.10.10"]
[SourceVersion "1"]
[SourceVersionDate "2018.10.10"]
[SourceQuality "1"]

1. d4 Nf6 2. c4 e5 3. dxe5 Ng4 4. Nf3 d6 5. exd6 Bxd6 6. h3 Nxf2 7. Qa4+ Bd7 8. Qb3 Nxh1 9. Bd2 Bg3+ 10. Kd1 0-0 11. Nc3 Nc6 12. Nd5 Nf2+ 13. Kc1 Ne4 14. e3 Nxd2 15. Nxd2 Na5 16. Qa3 c6 17. Nf4 Bxf4 18. exf4 b5 19. g4 Re8 20. Kc2 Nxc4 21. Nxc4 bxc4 22. Bxc4 Qf6 23. Rf1 Qd4 24. Qa4 Re2+ 25. Kc1 Qd2+ 0-1

[Event "Mazowiec-chT op Autumn"]
[Site "Poland"]
[Date "2012.10.14"]
[Round "1.17"]
[White "Hryszkiewicz, Michal"]
[Black "Sokolowski, Krzysztof"]
[Result "1/2-1/2"]
[WhiteElo "1821"]
[BlackElo "2016"]
[PlyCount "109"]
[EventDate "2012.10.14"]
[EventType "team-swiss"]
[EventRounds "8"]
[EventCountry "POL"]
[SourceTitle "EXT 2019"]
[Source "ChessBase"]
[SourceDate "2018.10.10"]
[SourceVersion "1"]
[SourceVersionDate "2018.10.10"]
[SourceQuality "1"]

1. d4 f5 2. g3 Nf6 3. Bg2 e6 4. Nf3 Be7 5. 0-0 0-0 6. c4 c6 7. Nc3 d5 8. cxd5 exd5 9. Ne5 Nbd7 10. f4 Ne4 11. Qb3 Nxe5 12. fxe5 Kh8 13. Nxe4 fxe4 14. Bd2 Qb6 15. Qxb6 axb6 16. Rxf8+ Bxf8 17. a3 b5 18. Rf1 Be6 19. Rc1 Ra4 20. e3 Be7 21. Rc3 Kg8 22. b4 h5 23. h3 Kf7 24. Bf1 Bd7 25. Kg2 Bxb4 26. axb4 Ra2 27. Kf2 Rxd2+ 28. Ke1 Ra2 29. Rb3 Ke7 30. Rb1 g5 31. Rb3 Rh2 32. Ra3 Rb2 33. Ra7 Rxb4 34. Rxb7 Rb2 35. Be2 Kd8 36. Bxh5 Ra2 37. Rb8+ Kc7 38. Rg8 b4 39. Bd1 c5 40. dxc5 Kc6 41. Rg6+ Kxc5 42. e6 Ba4 43. Bxa4 Rxa4 44. e7 Ra8 45. Re6 Re8 46. Kd2 Kc4 47. Kc2 b3+ 48. Kb2 Kd3 49. Rd6 Kxe3 50. Rxd5 Kf3 51. Re5 e3 52. Kxb3 Kf2 53. Kc2 e2 54. Kd2 Kxg3 55. Kxe2 1/2-1/2

[Event "Mazowiec-chT op 1112"]
[Site "Poland"]
[Date "2012.01.29"]
[Round "4.30"]
[White "Sokolowski, Krzysztof"]
[Black "Worobiej, Daniel"]
[Result "1-0"]
[WhiteElo "2029"]
[BlackElo "1796"]
[PlyCount "103"]
[EventDate "2012.01.08"]
[EventType "team-swiss"]
[EventRounds "10"]
[EventCountry "POL"]
[SourceTitle "EXT 2019"]
[Source "ChessBase"]
[SourceDate "2018.10.10"]
[SourceVersion "1"]
[SourceVersionDate "2018.10.10"]
[SourceQuality "1"]

1. d4 g6 2. Nf3 Bg7 3. g3 Nf6 4. Bg2 0-0 5. 0-0 d5 6. c4 c6 7. Nbd2 Nbd7 8. b3 a5 9. Bb2 Ne4 10. Nxe4 dxe4 11. Ng5 a4 12. Nxe4 axb3 13. axb3 Rxa1 14. Qxa1 Qb6 15. d5 Bxb2 16. Qxb2 Nc5 17. Qd4 Nd7 18. Qxb6 Nxb6 19. dxc6 bxc6 20. Nc5 Bf5 21. e4 Nd7 22. Nxd7 Bxd7 23. Rd1 Be6 24. e5 Rb8 25. Rd3 Rb6 26. Be4 Kg7 27. Kg2 f5 28. exf6+ Kxf6 29. f4 Bf5 30. Kf3 h5 31. Ke3 c5 32. Bxf5 gxf5 33. Kd2 e6 34. Kc3 Ke7 35. Rd2 Rb8 36. Ra2 Rh8 37. b4 cxb4+ 38. Kxb4 h4 39. c5 Kd7 40. Ra7+ Kc6 41. Ra6+ Kd7 42. Rd6+ Ke7 43. Rd3 Rb8+ 44. Kc4 Rb2 45. c6 Rc2+ 46. Kb5 Rxh2 47. Rd7+ Kf6 48. gxh4 Rb2+ 49. Ka6 Ra2+ 50. Kb7 Rb2+ 51. Kc8 Rh2 52. Kb8 1-0

[Event "Mazowiec-chT op 1112"]
[Site "Poland"]
[Date "2012.01.08"]
[Round "1.28"]
[White "Kosny, Marek"]
[Black "Sokolowski, Krzysztof"]
[Result "1-0"]
[WhiteElo "1949"]
[BlackElo "2029"]
[PlyCount "73"]
[EventDate "2012.01.08"]
[EventType "team-swiss"]
[EventRounds "10"]
[EventCountry "POL"]
[SourceTitle "EXT 2019"]
[Source "ChessBase"]
[SourceDate "2018.10.10"]
[SourceVersion "1"]
[SourceVersionDate "2018.10.10"]
[SourceQuality "1"]

1. Nf3 Nf6 2. c4 c5 3. Nc3 Nc6 4. g3 g6 5. Bg2 Bg7 6. 0-0 0-0 7. d4 cxd4 8. Nxd4 a6 9. h3 Qc7 10. Nc2 d6 11. Rb1 Be6 12. Nd5 Bxd5 13. cxd5 Ne5 14. Bd2 Rac8 15. Rc1 Qb6 16. Bc3 Nc4 17. b3 Ne5 18. Ne3 Nh5 19. Qd2 Qb5 20. Kh2 f5 21. f4 Nd7 22. Bxg7 Kxg7 23. Nc2 Kg8 24. Nd4 Qb6 25. Ne6 Rfe8 26. e4 fxe4 27. Bxe4 Nc5 28. Rxc5 Rxc5 29. f5 Qb5 30. Rf2 Rf8 31. Nxf8 Kxf8 32. fxg6+ Nf6 33. gxh7 Kg7 34. Qg5+ Kh8 35. Rxf6 Rc2+ 36. Bxc2 Qe2+ 37. Kg1 1-0

[Event "POL-chT 2nd League"]
[Site "Miedzyzdroje"]
[Date "2009.09.20"]
[Round "9"]
[White "Grochowalski, Pawel"]
[Black "Sokolowski, Krzysztof"]
[Result "1-0"]
[WhiteElo "2062"]
[BlackElo "2007"]
[PlyCount "57"]
[EventDate "2009.09.12"]
[EventType "team-swiss"]
[EventRounds "9"]
[EventCountry "POL"]
[SourceTitle "EXT 2019"]
[Source "ChessBase"]
[SourceDate "2018.10.10"]
[SourceVersion "1"]
[SourceVersionDate "2018.10.10"]
[SourceQuality "1"]
[WhiteTeam "Torun Torfarm 64"]
[BlackTeam "Lomza Devo Maraton"]
[WhiteTeamCountry "POL"]
[BlackTeamCountry "POL"]

1. d4 d5 2. c4 e6 3. Nf3 c6 4. Qc2 Nf6 5. g3 Nbd7 6. Bg2 Bd6 7. 0-0 0-0 8. Rd1 Qe7 9. Nbd2 e5 10. cxd5 Nxd5 11. Nc4 exd4 12. Nxd6 Qxd6 13. Nxd4 Qe5 14. e4 Ne7 15. Bf4 Qa5 16. Nb3 Qb6 17. Be3 Qc7 18. f4 Nb6 19. f5 Bd7 20. Bf4 Qc8 21. a4 a5 22. Qf2 Qd8 23. Nc5 Nec8 24. Nxb7 Qe7 25. Nd6 g5 26. Nxc8 Nxc8 27. Be3 Re8 28. Bc5 Qe5 29. Rxd7 1-0

[Event "POL-chT 2nd League"]
[Site "Miedzyzdroje"]
[Date "2009.09.16"]
[Round "5"]
[White "Seifert, Henryk"]
[Black "Sokolowski, Krzysztof"]
[Result "1-0"]
[WhiteElo "2232"]
[BlackElo "2007"]
[PlyCount "71"]
[EventDate "2009.09.12"]
[EventType "team-swiss"]
[EventRounds "9"]
[EventCountry "POL"]
[SourceTitle "EXT 2019"]
[Source "ChessBase"]
[SourceDate "2018.10.10"]
[SourceVersion "1"]
[SourceVersionDate "2018.10.10"]
[SourceQuality "1"]
[WhiteTeam "Pawlowice GKS Pniowek 74"]
[BlackTeam "Lomza Devo Maraton"]
[WhiteTeamCountry "POL"]
[BlackTeamCountry "POL"]

1. e4 c5 2. Nf3 d6 3. c3 Nf6 4. Be2 Nc6 5. d4 cxd4 6. cxd4 e5 7. Nc3 Bd7 8. 0-0 Be7 9. h3 0-0 10. Be3 Re8 11. d5 Nb8 12. Rc1 h6 13. Qb3 b6 14. Nd2 Bc8 15. Qa3 a6 16. Nb5 Rf8 17. Nc7 Ra7 18. Bxb6 Rb7 19. Ba5 Qd7 20. Rc2 Bd8 21. Rfc1 g6 22. Nxa6 Bxa5 23. Nxb8 Rxb8 24. Qxa5 Ne8 25. a4 Ng7 26. Bb5 Qe7 27. Qc7 Qxc7 28. Rxc7 f5 29. R1c6 Rd8 30. Rc3 fxe4 31. Nxe4 Bb7 32. Nf6+ Kh8 33. Nd7 Ne8 34. Nxb8 Nxc7 35. Rxc7 Rxb8 36. Bc4 1-0

[Event "Mazowiec-chT op"]
[Site "Mazowsze"]
[Date "2009.05.10"]
[Round "9"]
[White "Bogocki, Cezary"]
[Black "Sokolowski, Krzysztof"]
[Result "1/2-1/2"]
[WhiteElo "2000"]
[BlackElo "2047"]
[PlyCount "25"]
[EventDate "2009.01.11"]
[EventType "team-tourn"]
[EventRounds "10"]
[EventCountry "POL"]
[SourceTitle "EXT 2013"]
[Source "ChessBase"]
[SourceDate "2012.11.22"]
[SourceVersion "1"]
[SourceVersionDate "2012.11.22"]
[SourceQuality "1"]

1. Nf3 Nf6 2. g3 b6 3. Bg2 Bb7 4. c4 c5 5. 0-0 e6 6. Nc3 Nc6 7. d4 Nxd4 8. Nxd4 Bxg2 9. Nxe6 fxe6 10. Kxg2 Qc7 11. Kg1 Qc6 12. Qd3 Be7 13. e4 1/2-1/2

[Event "Mazowiec-chT op"]
[Site "Mazowsze"]
[Date "2009.04.20"]
[Round "8"]
[White "Sokolowski, Krzysztof"]
[Black "Wegrzyn, Adam"]
[Result "0-1"]
[WhiteElo "2047"]
[BlackElo "2254"]
[PlyCount "74"]
[EventDate "2009.01.11"]
[EventType "team-tourn"]
[EventRounds "10"]
[EventCountry "POL"]
[SourceTitle "EXT 2013"]
[Source "ChessBase"]
[SourceDate "2012.11.22"]
[SourceVersion "1"]
[SourceVersionDate "2012.11.22"]
[SourceQuality "1"]

1. c4 c5 2. Nc3 b6 3. Nf3 Bb7 4. d4 cxd4 5. Nxd4 Nf6 6. Bg5 a6 7. Qc2 e6 8. e4 d6 9. Rd1 Nbd7 10. Be2 Be7 11. 0-0 0-0 12. f4 Qc7 13. b3 Rac8 14. Bf3 b5 15. Kh1 bxc4 16. b4 Rfe8 17. a4 Bf8 18. b5 e5 19. Nf5 exf4 20. Bxf4 Ne5 21. Bxe5 dxe5 22. Ne3 axb5 23. axb5 Bc5 24. Ncd5 Nxd5 25. Nxd5 Bxd5 26. Rxd5 Bd4 27. Bg4 Rcd8 28. Qa4 c3 29. Bd1 Ra8 30. Qb3 Re6 31. h3 Rf6 32. Rxf6 gxf6 33. Kh2 Ra1 34. Qc2 Qc4 35. Be2 Qa2 36. Qd3 Qd2 37. h4 Kf8 0-1

[Event "POL-chT 2nd League"]
[Site "Ustron"]
[Date "2008.09.08"]
[Round "3.99"]
[White "Lercel, Michal"]
[Black "Sokolowski, Krzysztof"]
[Result "1-0"]
[WhiteElo "2178"]
[BlackElo "2021"]
[PlyCount "81"]
[EventDate "2008.09.06"]
[EventType "team-swiss"]
[EventRounds "9"]
[EventCountry "POL"]
[SourceTitle "EXT 2015"]
[Source "ChessBase"]
[SourceDate "2014.11.20"]
[SourceVersion "1"]
[SourceVersionDate "2014.11.20"]
[SourceQuality "1"]
[WhiteTeam "Wroclaw AZS Politechnika"]
[BlackTeam "Lomza Devo Maraton"]
[WhiteTeamCountry "POL"]
[BlackTeamCountry "POL"]

1. e4 c5 2. Nf3 d6 3. Bb5+ Bd7 4. Bxd7+ Qxd7 5. 0-0 Nc6 6. c3 Nf6 7. d4 Nxe4 8. d5 Nb8 9. Re1 Nf6 10. Bg5 Na6 11. Nbd2 e5 12. dxe6 fxe6 13. Qb3 0-0-0 14. Rxe6 Nc7 15. Rxf6 gxf6 16. Bxf6 Bh6 17. Bxh8 Rxh8 18. Ne4 Qc6 19. Re1 Rf8 20. Qd1 d5 21. Ne5 Qe6 22. Nxc5 Qf5 23. Qg4 b6 24. Qxf5+ Rxf5 25. Nc6 Rf7 26. Nxa7+ Kb8 27. Nc6+ Kc8 28. Ne6 Nxe6 29. Rxe6 Bc1 30. Re7 Rf6 31. Nb4 Bxb2 32. Nxd5 Rd6 33. Re5 Kb7 34. g3 b5 35. Ne3 Kc6 36. Re8 Kd7 37. Rb8 Bxc3 38. Rxb5 Kc6 39. Rb3 Bd2 40. Nc4 Rd7 41. Nxd2 1-0

[Event "Rewal op-B 13th"]
[Site "Rewal"]
[Date "2008.08.23"]
[Round "4"]
[White "Sokolowski, Krzysztof"]
[Black "Delekta, Anna"]
[Result "1-0"]
[WhiteElo "2021"]
[BlackElo "1706"]
[PlyCount "77"]
[EventDate "2008.08.19"]
[EventType "swiss"]
[EventRounds "9"]
[EventCountry "POL"]
[SourceTitle "CBM 126 Extra"]
[Source "ChessBase"]
[SourceDate "2008.11.05"]
[SourceVersion "1"]
[SourceVersionDate "2008.11.05"]
[SourceQuality "1"]

1. e4 c5 2. Nf3 Nc6 3. Nc3 d6 4. d4 cxd4 5. Nxd4 g6 6. Be3 Bg7 7. Qd2 Bd7 8. Be2 Nf6 9. 0-0 a6 10. a4 0-0 11. Nb3 Ne8 12. a5 f5 13. Rfd1 fxe4 14. Nxe4 Bxb2 15. Rab1 Bg7 16. Bc4+ Kh8 17. Ng5 Ne5 18. Bd5 Bc6 19. Ne6 Qc8 20. Nxf8 Bxf8 21. f4 Ng4 22. Bd4+ e5 23. Bb6 Bxd5 24. Qxd5 exf4 25. Qf7 Nef6 26. h3 Ne3 27. Bxe3 fxe3 28. Qxf6+ Bg7 29. Qxd6 Qxc2 30. Qd3 Qf2+ 31. Kh1 Re8 32. Rf1 Qg3 33. Rf3 Qe5 34. Re1 e2 35. Rf2 Qc7 36. Rfxe2 Rf8 37. Re8 Qf4 38. Rxf8+ Bxf8 39. Rf1 1-0

[Event "Rewal op-B 13th"]
[Site "Rewal"]
[Date "2008.08.20"]
[Round "2"]
[White "Sokolowski, Krzysztof"]
[Black "Gasiorek, Dariusz"]
[Result "0-1"]
[WhiteElo "2021"]
[BlackElo "1876"]
[PlyCount "101"]
[EventDate "2008.08.19"]
[EventType "swiss"]
[EventRounds "9"]
[EventCountry "POL"]
[SourceTitle "CBM 126 Extra"]
[Source "ChessBase"]
[SourceDate "2008.11.05"]
[SourceVersion "1"]
[SourceVersionDate "2008.11.05"]
[SourceQuality "1"]

1. e4 c6 2. d4 d5 3. Nc3 dxe4 4. Nxe4 Bf5 5. Ng3 Bg6 6. Nf3 Nd7 7. h4 h6 8. h5 Bh7 9. Bd3 Bxd3 10. Qxd3 Qc7 11. Bd2 e6 12. 0-0-0 Ngf6 13. Kb1 0-0-0 14. Qe2 Bd6 15. Ne4 Nxe4 16. Qxe4 Nf6 17. Qe2 Nd5 18. g3 c5 19. dxc5 Bxc5 20. c4 Nb4 21. Bc3 Rhg8 22. a3 Nc6 23. Rxd8+ Qxd8 24. b4 Be7 25. Rd1 Qb6 26. Qb2 Rd8 27. Re1 Rd3 28. Ne5 Nxe5 29. Bxe5 f6 30. Bf4 e5 31. Be3 Qa6 32. Ka2 Qxc4+ 33. Ka1 Rc3 34. Rc1 Rxc1+ 35. Bxc1 f5 36. Kb1 Bf6 37. Qc2 Qxc2+ 38. Kxc2 b5 39. f3 Kd7 40. Kd3 Kd6 41. Be3 a6 42. Bc5+ Kd5 43. Bf8 e4+ 44. Ke3 Bd4+ 45. Ke2 Be5 46. g4 fxg4 47. fxg4 Bd4 48. Be7 Kc4 49. g5 hxg5 50. Bxg5 Kb3 51. Bf4 0-1

[Event "Mazowiec-chT 0708"]
[Site "Poland"]
[Date "2008.01.06"]
[Round "6"]
[White "Sokolowski, Krzysztof"]
[Black "Dobrowolski, Marcin"]
[Result "1/2-1/2"]
[WhiteElo "2058"]
[BlackElo "1949"]
[PlyCount "108"]
[EventDate "2007.10.14"]
[EventType "team-tourn"]
[EventRounds "10"]
[EventCountry "POL"]
[SourceTitle "EXT 2010"]
[Source "ChessBase"]
[SourceDate "2010.11.25"]
[SourceVersion "1"]
[SourceVersionDate "2010.11.25"]
[SourceQuality "1"]

1. d4 Nf6 2. c4 g6 3. Nf3 Bg7 4. g3 0-0 5. Bg2 d6 6. Nc3 Nc6 7. e4 e5 8. d5 Ne7 9. Bg5 Nd7 10. 0-0 h6 11. Bxe7 Qxe7 12. b4 f5 13. Nh4 Qf7 14. Nb5 Nf6 15. c5 Nxe4 16. Rc1 a6 17. Na3 Nf6 18. cxd6 cxd6 19. Nc4 Rd8 20. Nb6 Rb8 21. Rc2 Nd7 22. Rc7 Qe8 23. Nc4 Bf8 24. g4 Be7 25. Qd2 f4 26. Nf3 Nf6 27. h3 Rd7 28. Rxc8 Rxc8 29. Nb6 Rdc7 30. Nxc8 Rxc8 31. Re1 Nd7 32. a4 Kg7 33. Bf1 Nf6 34. b5 Rc5 35. bxa6 bxa6 36. g5 Nxd5 37. gxh6+ Kxh6 38. Nh2 Qxa4 39. Ng4+ Kg7 40. Nxe5 dxe5 41. Rxe5 Qd7 42. Qd4 Bf6 43. Qxc5 Bxe5 44. Bc4 Qxh3 45. Qxd5 Qf5 46. Bd3 Qf6 47. Qd7+ Kh6 48. Qh3+ Kg7 49. Qd7+ Kf8 50. Qc8+ Ke7 51. Bxa6 Qd6 52. Qb7+ Kf6 53. Be2 Bd4 54. Qe4 Qe5 1/2-1/2